[Event "73rd Moscow Blitz"]
[Site "Moscow RUS"]
[Date "2019.09.07"]
[Round "15.6"]
[White "Daniil Dubov"]
[Black "Saveliy Golubov"]
[Result "1/2-1/2"]
[EventDate "?"]
[WhiteElo "2699"]
[BlackElo "2469"]
[PlyCount "100"]

1. d4 e5 2. dxe5 Nc6 3. Nf3 Qe7 4. Bg5 Qb4+ 5. Bd2 Qe7 6. Bc3 f6 7. exf6 Nxf6 8. g3 g6 9. Bg2 Bg7 10. O-O O-O 11. Nbd2 d6 12. b4 a6 13. a4 Be6 14. b5 axb5 15. axb5 Na7 16. Nd4 Nd5 17. Bb2 Bxd4 18. Bxd4 Nxb5 19. Rxa8 Rxa8 20. Ne4 Nxd4 21. Qxd4 Qg7 22. Qd3 Nb6 23. Ng5 Bc4 24. Qe3 h6 25. Nh3 Bd5 26. Bxd5+ Nxd5 27. Qb3 Qf7 28. Qxb7 Re8 29. e3 g5 30. Rd1 Nc3 31. Rd3 Ne4 32. Qd5 Re5 33. Qxf7+ Kxf7 34. f3 Nf6 35. Nf2 Rc5 36. c3 Ke6 37. e4 d5 38. exd5+ Rxd5 39. Rxd5 Kxd5 40. Kg2 Kc4 41. f4 gxf4 42. gxf4 Kxc3 43. Kf3 Kd4 44. Nd1 c5 45. f5 c4 46. Kf4 Nd5+ 47. Kg4 Nf6+ 48. Kf4 Nd5+ 49. Kg4 Nf6+ 50. Kf4 Nd5+ 1/2-1/2

[Event "73rd Moscow Blitz"]
[Site "Moscow RUS"]
[Date "2019.09.07"]
[Round "5.8"]
[White "Mikhail Kobalia"]
[Black "Daniil Dubov"]
[Result "0-1"]
[EventDate "?"]
[WhiteElo "2608"]
[BlackElo "2699"]
[PlyCount "50"]

1. e4 a6 2. d4 b5 3. Bd3 e6 4. Nf3 c5 5. c3 Bb7 6. O-O cxd4 7. cxd4 Nf6 8. Re1 Be7 9. Nbd2 O-O 10. Nf1 Nc6 11. Ng3 d6 12. h3 Rc8 13. Bb1 d5 14. Qd2 Nxe4 15. Nxe4 dxe4 16. Bxe4 Bb4 17. Qd3 Bxe1 18. Bxh7+ Kh8 19. Ng5 Bxf2+ 20. Kxf2 f5 21. Kg1 Qf6 22. Bg8 Ne7 23. Bh7 g6 24. Qxf5 Qxf5 25. Bd2 Rc2 0-1

[Event "GCT Paris Rapid & Blitz"]
[Site "Paris FRA"]
[Date "2019.07.28"]
[Round "4"]
[White "Fabiano Caruana"]
[Black "Daniil Dubov"]
[Result "1/2-1/2"]
[EventDate "2019.07.26"]
[WhiteElo "2819"]
[BlackElo "2700"]
[PlyCount "51"]

1. e4 c5 2. Nf3 Nc6 3. Nc3 g6 4. d4 cxd4 5. Nxd4 Bg7 6. Be3 Nf6 7. Bc4 O-O 8. Bb3 Re8 9. f3 d5 10. exd5 Nb4 11. Nde2 e6 12. d6 Nbd5 13. Bd4 Qxd6 14. Bxd5 exd5 15. Qd2 b5 16. Nxb5 Qe7 17. Nc3 Rb8 18. O-O-O Bf5 19. g4 Qb4 20. b3 Nxg4 21. fxg4 Rxe2 22. Nxe2 Qa3+ 23. Kb1 Rxb3+ 24. axb3 Qxb3+ 25. Ka1 Qa3+ 26. Kb1 1/2-1/2

[Event "Aeroflot Open"]
[Site "Moscow RUS"]
[Date "2019.02.27"]
[Round "9.14"]
[White "Aleksej Gennadyevich Aleksandrov"]
[Black "Daniil Dubov"]
[Result "1/2-1/2"]
[EventDate "2019.02.20"]
[WhiteElo "2574"]
[BlackElo "2703"]
[PlyCount "126"]

1. d4 Nf6 2. c4 e6 3. Nc3 Bb4 4. e3 O-O 5. Bd3 Re8 6. Ne2 d5 7. O-O Nbd7 8. a3 Bf8 9. b4 a5 10. b5 dxc4 11. Bxc4 c5 12. bxc6 bxc6 13. e4 c5 14. e5 Ng4 15. Bf4 cxd4 16. Qxd4 Bc5 17. Qe4 Rb8 18. Bb5 Bb7 19. Qa4 Nb6 20. Qc2 Rf8 21. Bd3 Nd5 22. Rad1 Nxf2 23. Rxf2 Bxf2+ 24. Kxf2 Qb6+ 25. Kf1 f6 26. Nxd5 Bxd5 27. Bxh7+ Kh8 28. Qg6 Be4 29. Qxe4 f5 30. Qe3 Qxe3 31. Bxe3 Kxh7 32. Nf4 Rb3 33. Bc5 Re8 34. h4 Rc3 35. Bd6 Kh6 36. Kf2 g5 37. hxg5+ Kxg5 38. Rd4 Rb3 39. Ra4 Rb5 40. Ke3 Rb3+ 41. Kd2 Rg3 42. Ke2 Rb3 43. Nh3+ Kh5 44. Kf2 Rb5 45. Kg1 Rc8 46. Nf4+ Kg4 47. Rd4 Rb1+ 48. Kh2 Rh8+ 49. Nh3+ Kh5 50. Be7 Kg6 51. Bh4 Rb7 52. Bf6 Rhh7 53. Rd3 Rbc7 54. Kg3 Rhd7 55. Rf3 Rd4 56. Nf4+ Kf7 57. Kh2 Rc2 58. Bg5 Rcc4 59. Rf2 Re4 60. g4 Rxe5 61. Rd2 fxg4 62. Rd7+ Ke8 63. Rd8+ Kf7 1/2-1/2

[Event "Aeroflot Open"]
[Site "Moscow RUS"]
[Date "2019.02.26"]
[Round "8.12"]
[White "Daniil Dubov"]
[Black "Sarin Nihal"]
[Result "1/2-1/2"]
[EventDate "2019.02.20"]
[WhiteElo "2703"]
[BlackElo "2578"]
[PlyCount "79"]

1. e4 e5 2. Nf3 Nc6 3. Bb5 Nf6 4. d3 Bc5 5. O-O Nd4 6. Be3 c6 7. Nxd4 exd4 8. Bg5 h6 9. Bxf6 Qxf6 10. Bc4 O-O 11. Nd2 d6 12. f4 Bb4 13. Rf2 Bxd2 14. Qxd2 a5 15. a3 b5 16. Ba2 Be6 17. Bxe6 Qxe6 18. a4 b4 19. Re1 Rae8 20. Qd1 c5 21. b3 f6 22. Qf3 Re7 23. g4 Rfe8 24. Rfe2 g5 25. h3 Kg7 26. Kg2 d5 27. h4 dxe4 28. Rxe4 Qd7 29. fxg5 fxg5 30. h5 Rxe4 31. Rxe4 Rxe4 32. Qxe4 Kf6 33. Kf3 Qd6 34. Qf5+ Ke7 35. Qe4+ Kf6 36. Qg6+ Ke7 37. Qh7+ Ke8 38. Qe4+ Kf7 39. Kg2 Qe6 40. Qxe6+ 1/2-1/2

[Event "World Blitz Championship"]
[Site "St Petersburg RUS"]
[Date "2018.12.30"]
[Round "13.15"]
[White "Alexey Sarana"]
[Black "Daniil Dubov"]
[Result "0-1"]
[EventDate "2018.12.29"]
[WhiteElo "2618"]
[BlackElo "2703"]
[PlyCount "132"]

1. d4 d5 2. Nf3 Nf6 3. c4 e6 4. Nc3 Bb4 5. Bg5 h6 6. Bxf6 Qxf6 7. e3 O-O 8. Rc1 Rd8 9. a3 Bf8 10. cxd5 exd5 11. Nb5 Na6 12. Nxc7 Nxc7 13. Rxc7 Qb6 14. Rc2 Bd7 15. Rd2 Bf5 16. Be2 Rac8 17. O-O Rc7 18. Ne5 Rdc8 19. Bd3 Bxd3 20. Nxd3 Bd6 21. g3 Qb5 22. Qf3 a5 23. e4 dxe4 24. Qxe4 a4 25. Rfd1 Re7 26. Qf3 Qb3 27. Ne5 Qxf3 28. Nxf3 f6 29. Kf1 Kf7 30. Rd3 Rc2 31. R3d2 Rc4 32. Rd3 Rc2 33. R1d2 Rc1+ 34. Kg2 Ke6 35. d5+ Kd7 36. Nd4 Re5 37. Nb5 Ree1 38. Nc3 g5 39. h3 f5 40. Kf3 h5 41. Re2 g4+ 42. hxg4 fxg4+ 43. Ke3 Bc5+ 44. Kd2 Rxe2+ 45. Kxe2 Rc2+ 46. Rd2 Rxd2+ 47. Kxd2 Bxf2 48. Ne4 Bd4 49. Kc2 b5 50. b3 Ke7 51. bxa4 bxa4 52. Kc1 Be5 53. Kc2 Bd6 54. Kb2 Bb8 55. Kc2 Be5 56. Kc1 Kd7 57. Kc2 Kc7 58. Kd3 Bd6 59. Nf6 Bxa3 60. Nxh5 Bb2 61. Kc2 Be5 62. Kb1 Kd6 63. Ka2 Kxd5 64. Ka3 Ke6 65. Kxa4 Kf5 66. Kb3 Kg6 0-1

[Event "World Blitz Championship"]
[Site "St Petersburg RUS"]
[Date "2018.12.30"]
[Round "14.9"]
[White "Daniil Dubov"]
[Black "Maxim Matlakov"]
[Result "1/2-1/2"]
[EventDate "2018.12.29"]
[WhiteElo "2703"]
[BlackElo "2700"]
[PlyCount "82"]

1. d4 Nf6 2. c4 e6 3. Nf3 d5 4. Nc3 dxc4 5. e4 b5 6. e5 Nd5 7. Nxb5 Nb6 8. Be2 Nc6 9. O-O Be7 10. Qd2 Bb7 11. Qf4 Qd7 12. Rd1 g5 13. Qg3 O-O-O 14. d5 g4 15. Qxg4 Rhg8 16. Qh3 Nxd5 17. Bxc4 Ncb4 18. Bh6 a6 19. Nbd4 Kb8 20. a3 Nc6 21. Nxc6+ Qxc6 22. Bf1 Qa4 23. Rd4 Qc2 24. Rc1 Qxb2 25. Rdc4 Qxa3 26. Bd2 Nb6 27. R4c3 Qa2 28. Rxc7 Rxd2 29. Nxd2 Qxd2 30. Qxh7 Rc8 31. Rxc8+ Nxc8 32. Rb1 Qf4 33. Bxa6 Nb6 34. Bxb7 Kxb7 35. Qd3 Bc5 36. Qd7+ Kb8 37. Qd8+ Kb7 38. Qd7+ Kb8 39. Qd8+ Kb7 40. Qd7+ Kb8 41. Qd8+ Kb7 1/2-1/2

[Event "World Blitz Championship"]
[Site "St Petersburg RUS"]
[Date "2018.12.30"]
[Round "15.13"]
[White "Ilia Smirin"]
[Black "Daniil Dubov"]
[Result "1-0"]
[EventDate "2018.12.29"]
[WhiteElo "2609"]
[BlackElo "2703"]
[PlyCount "86"]

1. e4 c5 2. Nf3 d6 3. d4 cxd4 4. Nxd4 Nf6 5. Nc3 Nc6 6. Bg5 e6 7. Qd2 a6 8. O-O-O Bd7 9. f3 Be7 10. h4 Nxd4 11. Qxd4 Bc6 12. Kb1 O-O 13. Qd2 b5 14. Bd3 b4 15. Ne2 a5 16. Be3 Qb8 17. g4 a4 18. Nd4 Bd7 19. h5 b3 20. g5 bxa2+ 21. Ka1 Ne8 22. g6 Bf6 23. c3 Nc7 24. gxh7+ Kh8 25. Bg5 Qd8 26. Bxf6 Qxf6 27. f4 e5 28. fxe5 dxe5 29. Rhf1 Qb6 30. Nf5 Bxf5 31. exf5 Qf6 32. h6 gxh6 33. Rh1 a3 34. b4 e4 35. Rxh6 Qe5 36. Rg1 exd3 37. f6 Ne6 38. Rg8+ Rxg8 39. hxg8=R+ Kxg8 40. Qg2+ Qg5 41. Qh1 Qxf6 42. Rh7 Qxc3+ 43. Kxa2 Qc4+ 1-0

[Event "World Blitz Championship"]
[Site "St Petersburg RUS"]
[Date "2018.12.30"]
[Round "16.19"]
[White "Daniil Dubov"]
[Black "Sergei Yudin"]
[Result "0-1"]
[EventDate "2018.12.29"]
[WhiteElo "2703"]
[BlackElo "2507"]
[PlyCount "104"]

1. c4 e6 2. Nc3 d5 3. d4 c6 4. g3 dxc4 5. Bg2 Nf6 6. Nf3 Nbd7 7. a4 Bb4 8. O-O O-O 9. Bf4 Nd5 10. Bg5 Qa5 11. Na2 Be7 12. e4 Bxg5 13. exd5 Qxd5 14. Nc3 Qa5 15. d5 Be7 16. dxe6 fxe6 17. Qe2 Nf6 18. Ne5 Nd5 19. Nxc4 Qc7 20. Rac1 Bf6 21. Ne4 Qe7 22. Nxf6+ gxf6 23. Ne3 Nxe3 24. Qxe3 e5 25. f4 Bf5 26. fxe5 fxe5 27. b4 Bg6 28. b5 cxb5 29. axb5 Rxf1+ 30. Rxf1 e4 31. h4 b6 32. Kh2 Re8 33. Rf4 Qc5 34. Qb3+ Kg7 35. Qb2+ Qe5 36. Qe2 e3 37. Rc4 Re7 38. Bf3 Qd6 39. h5 Bf7 40. Qb2+ Qe5 41. Rg4+ Kf8 42. Qc2 e2 43. Qxh7 e1=Q 44. Qh6+ Ke8 45. Qc6+ Rd7 46. Re4 Q1xe4 47. Bxe4 Bd5 48. Qg6+ Bf7 49. Qc6 Ke7 50. h6 Rd2+ 51. Kh3 Be6+ 52. Kh4 Rh2# 0-1

[Event "World Blitz Championship"]
[Site "St Petersburg RUS"]
[Date "2018.12.30"]
[Round "17.26"]
[White "Daniil Lintchevski"]
[Black "Daniil Dubov"]
[Result "0-1"]
[EventDate "2018.12.29"]
[WhiteElo "2516"]
[BlackElo "2703"]
[PlyCount "60"]

1. e4 c5 2. Nf3 e6 3. d4 cxd4 4. Nxd4 a6 5. Bd3 g6 6. O-O Bg7 7. Nf3 Ne7 8. c4 O-O 9. Nc3 Nbc6 10. Bg5 h6 11. Be3 d5 12. exd5 exd5 13. Bc5 b6 14. Ba3 dxc4 15. Bxc4 b5 16. Bxe7 Nxe7 17. Bb3 Bg4 18. h3 Qxd1 19. Raxd1 Bxf3 20. gxf3 Rfd8 21. Nd5 Nf5 22. Nc7 Rac8 23. Nxa6 Nd4 24. Kg2 Bf8 25. Rc1 Nxb3 26. axb3 Rxc1 27. Rxc1 Rd2 28. b4 Rxb2 29. Rc6 Be7 30. Kg3 0-1

[Event "World Blitz Championship"]
[Site "St Petersburg RUS"]
[Date "2018.12.30"]
[Round "18.18"]
[White "Daniil Dubov"]
[Black "Vallejo Pons, Francisco"]
[Result "1-0"]
[EventDate "2018.12.29"]
[WhiteElo "2703"]
[BlackElo "2695"]
[PlyCount "52"]

1. c4 e5 2. Nc3 d6 3. g3 Be7 4. d4 exd4 5. Qxd4 Nf6 6. Bg2 Nc6 7. Qd2 Ne5 8. b3 c6 9. Nf3 Nxf3+ 10. Bxf3 Bh3 11. Bb2 O-O 12. O-O-O Be6 13. g4 Nd7 14. Kb1 a5 15. Ne4 d5 16. cxd5 cxd5 17. Ng3 a4 18. Bxd5 Bxg4 19. h3 axb3 20. axb3 Bg5 21. f4 Bf6 22. hxg4 Bxb2 23. Qxb2 Qc7 24. Nf5 Nf6 25. g5 Qxf4 26. Ne7+ 1-0

[Event "World Blitz Championship"]
[Site "St Petersburg RUS"]
[Date "2018.12.30"]
[Round "19.14"]
[White "Daniil Dubov"]
[Black "Marin Bosiocic"]
[Result "1-0"]
[EventDate "2018.12.29"]
[WhiteElo "2703"]
[BlackElo "2599"]
[PlyCount "92"]

1. Nf3 d6 2. d4 g6 3. e4 Nf6 4. Nc3 Bg7 5. Bc4 O-O 6. O-O Nxe4 7. Nxe4 d5 8. Bd3 dxe4 9. Bxe4 c6 10. c3 Nd7 11. h3 Nf6 12. Bc2 Qc7 13. Re1 c5 14. dxc5 Qxc5 15. Be3 Qc7 16. Bd4 Nh5 17. Bb3 Nf4 18. Bxg7 Kxg7 19. Qd4+ f6 20. Re4 Rd8 21. Qe3 e5 22. Nxe5 Nxg2 23. Kxg2 Bf5 24. Nf3 Bxe4 25. Qxe4 Re8 26. Qc4 Qxc4 27. Bxc4 Rac8 28. Bd3 Rc5 29. a4 Re6 30. Nd4 Rb6 31. Re1 Re5 32. Rb1 Rg5+ 33. Kh2 Re5 34. b4 Rd6 35. a5 Rd7 36. Bf1 Kh6 37. Bg2 Rc7 38. Rb3 b6 39. a6 Re1 40. b5 Rc1 41. Bb7 Re7 42. Rb2 Rxc3 43. Nc6 Re1 44. Nxa7 Rcc1 45. Nc8 Ra1 46. Nxb6 1-0

[Event "World Blitz Championship"]
[Site "St Petersburg RUS"]
[Date "2018.12.30"]
[Round "20.11"]
[White "Ghaem Maghami, Ehsan"]
[Black "Daniil Dubov"]
[Result "0-1"]
[EventDate "2018.12.29"]
[WhiteElo "2537"]
[BlackElo "2703"]
[PlyCount "64"]

1. e4 g6 2. d4 d6 3. c3 Nf6 4. Bd3 Bg7 5. Nf3 O-O 6. O-O Nc6 7. Re1 e5 8. h3 Re8 9. d5 Ne7 10. c4 Nh5 11. Nc3 h6 12. b4 a5 13. bxa5 Rxa5 14. a4 b6 15. Bd2 Ra8 16. Nb5 c6 17. dxc6 Nxc6 18. Be3 Nf4 19. Bf1 Bf8 20. Qd2 g5 21. Red1 Re6 22. Nh2 Rg6 23. c5 bxc5 24. Bxc5 g4 25. hxg4 Bxg4 26. Nxg4 Rxg4 27. Be3 Qg5 28. Bxf4 exf4 29. Ra3 Ne5 30. Rh3 Rxa4 31. Nxd6 Rh4 32. Rxh4 Nf3+ 0-1

[Event "World Blitz Championship"]
[Site "St Petersburg RUS"]
[Date "2018.12.30"]
[Round "21.5"]
[White "Daniil Dubov"]
[Black "Levon Aronian"]
[Result "1/2-1/2"]
[EventDate "2018.12.29"]
[WhiteElo "2703"]
[BlackElo "2765"]
[PlyCount "36"]

1. Nf3 d5 2. e3 Nf6 3. c4 e6 4. b3 c5 5. Bb2 Nc6 6. cxd5 exd5 7. Be2 d4 8. exd4 cxd4 9. Bb5 Qe7+ 10. Qe2 Qxe2+ 11. Kxe2 Bd7 12. Re1 O-O-O 13. Kf1 a6 14. Bxc6 Bxc6 15. Nxd4 Be4 16. Nf3 Bxf3 17. gxf3 Bd6 18. Bxf6 1/2-1/2

[Event "World Blitz Championship"]
[Site "St Petersburg RUS"]
[Date "2018.12.29"]
[Round "12"]
[White "Daniil Dubov"]
[Black "Valerij Popov"]
[Result "1-0"]
[EventDate "2018.12.29"]
[WhiteElo "2743"]
[BlackElo "2574"]
[PlyCount "88"]

1. Nf3 d5 2. e3 Nf6 3. c4 c6 4. Nc3 a6 5. b3 Bf5 6. Bb2 h6 7. d4 e6 8. Bd3 Bxd3 9. Qxd3 Nbd7 10. O-O Bb4 11. a3 Bxc3 12. Bxc3 O-O 13. Rfd1 Ne4 14. Bb4 Re8 15. Be1 Qb6 16. a4 a5 17. Qc2 Qa6 18. Rdc1 Rac8 19. Ne5 Nef6 20. Nd3 Ra8 21. Rab1 Ne4 22. f3 Nd6 23. c5 Nf5 24. Bf2 Nf6 25. g4 Ne7 26. Bg3 Ng6 27. h3 Nd7 28. h4 e5 29. h5 exd4 30. hxg6 Rxe3 31. gxf7+ Kxf7 32. Rd1 Rae8 33. Bf4 Re2 34. Rd2 R2e6 35. Qb2 g5 36. Bg3 Re3 37. Qxd4 Qa7 38. Rf1 Kg8 39. Kg2 Qa8 40. Bf2 R3e6 41. Rdd1 Qd8 42. Rde1 Qe7 43. Rxe6 Qxe6 44. Re1 1-0

[Event "World Blitz Championship"]
[Site "St Petersburg RUS"]
[Date "2018.12.29"]
[Round "1"]
[White "Adam Tukhaev"]
[Black "Daniil Dubov"]
[Result "1/2-1/2"]
[EventDate "?"]
[WhiteElo "2529"]
[BlackElo "2743"]
[PlyCount "106"]

1. e4 g6 2. d4 d6 3. Nc3 Bg7 4. f4 Nf6 5. Nf3 O-O 6. Bd3 Nc6 7. e5 dxe5 8. dxe5 Nd5 9. Nxd5 Qxd5 10. Qe2 Be6 11. O-O Nb4 12. Be4 Qc4 13. Qxc4 Bxc4 14. Re1 Bd5 15. Bd2 Bxe4 16. Rxe4 Nc6 17. b4 a6 18. a4 Rfd8 19. Rb1 Rd5 20. Rc4 Rc8 21. b5 axb5 22. axb5 Nd8 23. Ba5 Ne6 24. g3 f6 25. exf6 Bxf6 26. Re4 Kf7 27. c4 Rd3 28. Kf2 Nc5 29. Re2 Ra3 30. Bb4 Nd3+ 31. Kg2 Nxb4 32. Rxb4 Rd8 33. Rb1 Rc3 34. Ne5+ Bxe5 35. Rxe5 Rxc4 36. Rbe1 Rc2+ 37. Kh3 Rd7 38. f5 g5 39. Kg4 h6 40. h4 Rc4+ 41. Kh5 gxh4 42. gxh4 Rf4 43. R1e2 Kf6 44. Re6+ Kf7 45. R6e5 c6 46. bxc6 bxc6 47. Kxh6 Rxh4+ 48. Kg5 Rhd4 49. Rc2 R4d5 50. Re6 c5 51. Rc6 R7d6 52. R2xc5 Rxc5 53. Rxc5 1/2-1/2

[Event "World Blitz Championship"]
[Site "St Petersburg RUS"]
[Date "2018.12.29"]
[Round "2"]
[White "Daniil Dubov"]
[Black "Daniel Fridman"]
[Result "1-0"]
[EventDate "?"]
[WhiteElo "2743"]
[BlackElo "2530"]
[PlyCount "136"]

1. Nf3 d5 2. e3 Nf6 3. c4 e6 4. b3 c5 5. Bb2 Nc6 6. cxd5 exd5 7. Be2 Bd6 8. O-O O-O 9. d4 cxd4 10. Nxd4 Qe7 11. Nc3 Be6 12. Rc1 Rac8 13. Nxe6 fxe6 14. Nb5 Bc5 15. Nd4 Nxd4 16. Bxd4 Bxd4 17. Qxd4 Qa3 18. Qa1 Kf7 19. g3 Ke7 20. Kg2 a6 21. h3 Kf7 22. Bd3 Kg8 23. g4 Nd7 24. Qb1 h6 25. Be2 Nf6 26. Bf3 Nd7 27. Rc2 Rxc2 28. Qxc2 Qd6 29. Be2 Nb6 30. Qg6 Rf6 31. Qd3 Rf8 32. Rc1 Nd7 33. Qc3 Nb6 34. Qc7 Qxc7 35. Rxc7 Rf7 36. Rc2 Rf8 37. Rc7 Rf7 38. Rc5 Rf8 39. f4 Rc8 40. Rxc8+ Nxc8 41. Kf3 Nd6 42. Bd3 Kf7 43. e4 dxe4+ 44. Bxe4 Kf6 45. h4 e5 46. g5+ Ke6 47. Bh7 exf4 48. Kxf4 hxg5+ 49. Kxg5 Kf7 50. Bd3 a5 51. h5 b6 52. Kg4 Kf6 53. Kf4 Ke6 54. a3 Kf6 55. Be2 Nb7 56. Bc4 Nd6 57. Bg8 Nb5 58. a4 Nd6 59. Bd5 Ne8 60. Ke4 Kg5 61. Kd4 Nf6 62. Bf3 Nxh5 63. Kd5 Nf4+ 64. Kc6 Nd3 65. Kxb6 Kf4 66. Bd1 Nb2 67. Bh5 Nd3 68. Kxa5 1-0

[Event "World Blitz Championship"]
[Site "St Petersburg RUS"]
[Date "2018.12.29"]
[Round "3"]
[White "Anton Demchenko"]
[Black "Daniil Dubov"]
[Result "1-0"]
[EventDate "?"]
[WhiteElo "2572"]
[BlackElo "2743"]
[PlyCount "77"]

1. e4 c5 2. Nc3 g6 3. d4 cxd4 4. Qxd4 Nf6 5. Be3 Nc6 6. Qd2 Bg7 7. f3 d6 8. O-O-O Be6 9. Nge2 Rc8 10. Kb1 Ne5 11. Nd4 Nc4 12. Bxc4 Bxc4 13. Bh6 Bxh6 14. Qxh6 Qa5 15. g4 b5 16. Nb3 Bxb3 17. cxb3 b4 18. Nd5 Nxd5 19. exd5 Kd7 20. Rhe1 Qc5 21. Qg5 Rhe8 22. Qf4 f6 23. Qe4 Kd8 24. h4 Qb6 25. h5 Rc5 26. hxg6 hxg6 27. Qxg6 Qb5 28. Qe4 a5 29. f4 a4 30. bxa4 Qxa4 31. b3 Qa5 32. g5 fxg5 33. fxg5 Kc7 34. g6 Kb6 35. g7 Ra8 36. Rd2 Rg8 37. Qxe7 Rxd5 38. Rc2 Rc5 39. Qxd6+ 1-0

[Event "World Blitz Championship"]
[Site "St Petersburg RUS"]
[Date "2018.12.29"]
[Round "4"]
[White "Daniil Dubov"]
[Black "Timur Gareyev"]
[Result "1-0"]
[EventDate "?"]
[WhiteElo "2743"]
[BlackElo "2577"]
[PlyCount "146"]

1. d4 Nf6 2. c4 e6 3. Nf3 b6 4. g3 Ba6 5. Nbd2 Bb7 6. Bg2 c5 7. dxc5 Bxc5 8. O-O O-O 9. a3 Be7 10. Qc2 d6 11. b3 Nbd7 12. Bb2 Qc7 13. Rac1 Rac8 14. Qb1 Qb8 15. Rfd1 Qa8 16. Qa1 Rfe8 17. Ne1 Nc5 18. Bxb7 Qxb7 19. Bd4 h6 20. Nef3 Red8 21. Qb1 d5 22. b4 Ncd7 23. Qb3 dxc4 24. Rxc4 Rxc4 25. Nxc4 Rc8 26. Bb2 Qe4 27. Ne3 a5 28. Nd2 Qa8 29. Ndc4 axb4 30. Bxf6 Bxf6 31. Rxd7 b5 32. Nb6 Rc1+ 33. Rd1 Qxa3 34. Qd3 Qxd3 35. exd3 Rxd1+ 36. Nxd1 b3 37. Nd7 Bd4 38. Kf1 b2 39. Nxb2 Bxb2 40. Nc5 Bc3 41. Ke2 Kf8 42. Ne4 Bd4 43. Nd6 b4 44. Nb5 b3 45. Kd2 Bxf2 46. Kc3 f5 47. Kxb3 Bg1 48. h3 Ke7 49. Kc4 h5 50. Nc3 g5 51. d4 f4 52. gxf4 gxf4 53. Kd3 f3 54. Nd1 h4 55. Ke4 f2 56. Ne3 Kd6 57. Nf1 Kd7 58. Ne3 Ke7 59. Nf1 Kf6 60. Kf4 Ke7 61. Kg4 Kf6 62. Kxh4 Kf5 63. Kg3 e5 64. d5 e4 65. h4 Ke5 66. h5 Kd4 67. h6 e3 68. Kf3 Kd3 69. Nxe3 Bh2 70. Nf1 Be5 71. h7 Kc4 72. d6 Bf6 73. d7 Kc5 1-0

[Event "World Blitz Championship"]
[Site "St Petersburg RUS"]
[Date "2018.12.29"]
[Round "5"]
[White "Evgeny Shaposhnikov"]
[Black "Daniil Dubov"]
[Result "0-1"]
[EventDate "?"]
[WhiteElo "2603"]
[BlackElo "2743"]
[PlyCount "73"]

1. e4 g6 2. d4 d6 3. Nc3 Bg7 4. Nf3 Nf6 5. Be3 O-O 6. Qd2 c5 7. dxc5 dxc5 8. Qxd8 Rxd8 9. Bxc5 Nc6 10. Bd3 b6 11. Be3 Ng4 12. Bf4 Nb4 13. Ke2 Nxd3 14. cxd3 Ba6 15. Rhd1 f5 16. e5 g5 17. Bxg5 Nxe5 18. Nxe5 Bxe5 19. g3 Kf7 20. Rac1 Rac8 21. Be3 Rd7 22. a4 Rcd8 23. f4 Bf6 24. Nb5 Bxb2 25. Rc2 Bf6 26. d4 Rd5 27. Rb2 h5 28. Kf2 R5d7 29. Rc2 h4 30. Nc7 Bb7 31. Nb5 hxg3+ 32. hxg3 a6 33. Na3 Be4 34. Rb2 Rh8 35. Nc4 Rc7 36. Rc1 Rxc4 37. Ke1 0-1

[Event "World Blitz Championship"]
[Site "St Petersburg RUS"]
[Date "2018.12.29"]
[Round "6"]
[White "Daniil Dubov"]
[Black "Dmitry Jakovenko"]
[Result "1/2-1/2"]
[EventDate "?"]
[WhiteElo "2743"]
[BlackElo "2616"]
[PlyCount "48"]

1. c4 c5 2. Nf3 Nf6 3. Nc3 e6 4. g3 b6 5. Bg2 Bb7 6. O-O Be7 7. d3 d5 8. Ne5 O-O 9. d4 cxd4 10. Qxd4 Nbd7 11. Nxd7 Qxd7 12. cxd5 Nxd5 13. Nxd5 Bxd5 14. Rd1 Rad8 15. Bxd5 Qxd5 16. Qxd5 Rxd5 17. Rxd5 exd5 18. Be3 Bf6 19. Rd1 Rd8 20. Bd4 Bxd4 21. Rxd4 Kf8 22. e4 Ke7 23. exd5 Kd6 24. Rc4 Rd7 1/2-1/2

[Event "World Blitz Championship"]
[Site "St Petersburg RUS"]
[Date "2018.12.29"]
[Round "7"]
[White "Ivan Cheparinov"]
[Black "Daniil Dubov"]
[Result "1-0"]
[EventDate "?"]
[WhiteElo "2618"]
[BlackElo "2743"]
[PlyCount "44"]

1. Nf3 Nf6 2. c4 g6 3. Nc3 Bg7 4. e4 e5 5. Nxe5 O-O 6. Be2 Re8 7. Nf3 Nxe4 8. O-O d6 9. Nxe4 Rxe4 10. d3 Re8 11. d4 Nc6 12. Be3 Bg4 13. h3 Bxf3 14. Bxf3 Qh4 15. Bxc6 bxc6 16. Qa4 c5 17. dxc5 d5 18. Rad1 d4 19. Bc1 Re6 20. Qd7 Be5 21. Qd5 Rd8 22. Qf3 Bg7 1-0

[Event "World Blitz Championship"]
[Site "St Petersburg RUS"]
[Date "2018.12.29"]
[Round "8"]
[White "Daniil Dubov"]
[Black "Robby Kevlishvili"]
[Result "1-0"]
[EventDate "?"]
[WhiteElo "2743"]
[BlackElo "2530"]
[PlyCount "77"]

1. c4 e5 2. Nc3 Nf6 3. Nf3 Nc6 4. g3 d5 5. cxd5 Nxd5 6. Bg2 Nb6 7. O-O Be7 8. a3 O-O 9. b4 Re8 10. d3 Bf8 11. Bg5 f6 12. Be3 Be6 13. Ne4 Kh8 14. Bc5 Bd5 15. Bxf8 Rxf8 16. Nc5 Rb8 17. Rc1 Qe7 18. e4 Bf7 19. b5 Nd4 20. Nxd4 exd4 21. f4 c6 22. bxc6 bxc6 23. Qc2 Nd7 24. Nxd7 Qxd7 25. Qxc6 Qxc6 26. Rxc6 Rb3 27. e5 Re8 28. exf6 gxf6 29. Rxf6 Bg8 30. Be4 Rxa3 31. Rd6 a5 32. f5 a4 33. f6 Rf8 34. Rd7 Bf7 35. Ra7 Bg6 36. Bxg6 hxg6 37. Rf4 Ra2 38. Rh4+ Kg8 39. Rg7# 1-0

[Event "World Blitz Championship"]
[Site "St Petersburg RUS"]
[Date "2018.12.29"]
[Round "9"]
[White "Grigoriy Oparin"]
[Black "Daniil Dubov"]
[Result "1-0"]
[EventDate "?"]
[WhiteElo "2641"]
[BlackElo "2743"]
[PlyCount "101"]

1. Nf3 Nf6 2. g3 g6 3. Bg2 Bg7 4. c4 c6 5. O-O O-O 6. b3 Ne4 7. d4 d5 8. Bb2 a5 9. Nc3 Bf5 10. e3 Nxc3 11. Bxc3 Be4 12. Qe2 Nd7 13. Rfc1 e6 14. Bh3 Bxf3 15. Qxf3 Qe7 16. Rab1 Rfc8 17. cxd5 exd5 18. b4 axb4 19. Bxb4 Qe8 20. Bd6 Ra7 21. Bc5 Nxc5 22. Bxc8 Nd3 23. Rc3 Qxc8 24. Rxd3 Rxa2 25. Rdb3 Ra7 26. Qe2 Bf8 27. Qb2 b5 28. Ra1 Rxa1+ 29. Qxa1 b4 30. Qa5 h5 31. h4 Qg4 32. Rb1 Qe2 33. Qa4 Qc4 34. Qd1 Qb5 35. Qc2 Qb7 36. Rc1 b3 37. Qc3 Ba3 38. Rb1 Bd6 39. Qxb3 Qa6 40. Rc1 Kg7 41. Qc2 Qa3 42. Kg2 Be7 43. Qxc6 Qa2 44. Qc2 Qa6 45. Rb1 Bf6 46. Qd1 Qe6 47. Qf3 Qc6 48. Ra1 Bd8 49. Ra7 Qe6 50. Rb7 Bb6 51. Qf4 1-0

[Event "World Blitz Championship"]
[Site "St Petersburg RUS"]
[Date "2018.12.29"]
[Round "10"]
[White "Daniil Dubov"]
[Black "Rustam Khusnutdinov"]
[Result "1/2-1/2"]
[EventDate "?"]
[WhiteElo "2743"]
[BlackElo "2582"]
[PlyCount "64"]

1. Nf3 Nf6 2. g3 c5 3. c4 Nc6 4. Bg2 g6 5. O-O Bg7 6. d4 cxd4 7. Nxd4 O-O 8. Nc3 Qa5 9. e3 Ne5 10. Nb3 Qd8 11. c5 Rb8 12. e4 b6 13. f4 Nc4 14. e5 Ne8 15. c6 Nc7 16. cxd7 Qxd7 17. Qxd7 Bxd7 18. Nd4 Rfd8 19. b3 Na5 20. Ba3 Bg4 21. Ndb5 Nxb5 22. Nxb5 Be2 23. Nxa7 Bxf1 24. Rxf1 Bf8 25. Bb4 Rd7 26. Nb5 Rc8 27. e6 fxe6 28. Bh3 Kf7 29. Re1 Rc6 30. Bg2 Rc2 31. Bh3 Rc6 32. Bg2 Rc2 1/2-1/2

[Event "World Blitz Championship"]
[Site "St Petersburg RUS"]
[Date "2018.12.29"]
[Round "11"]
[White "Semen Khanin"]
[Black "Daniil Dubov"]
[Result "0-1"]
[EventDate "?"]
[WhiteElo "2564"]
[BlackElo "2743"]
[PlyCount "46"]

1. e4 g6 2. d4 d6 3. Nf3 Nf6 4. Nc3 Bg7 5. Be2 O-O 6. O-O a6 7. a4 Nc6 8. h3 e6 9. Be3 b6 10. Qd2 Bb7 11. Rad1 Ne7 12. e5 dxe5 13. dxe5 Qxd2 14. Rxd2 Nfd5 15. Bg5 Nxc3 16. bxc3 Nd5 17. c4 Nc3 18. Re1 Nxa4 19. Rd7 Rac8 20. Be7 Rfe8 21. Ba3 Bc6 22. Rd2 Nc3 23. Bd3 Bh6 0-1

[Event "TCh-RUS Blitz 2018"]
[Site "Sochi RUS"]
[Date "2018.10.10"]
[Round "3.2"]
[White "Pavel Potapov"]
[Black "Daniil Dubov"]
[Result "0-1"]
[EventDate "?"]
[WhiteElo "2515"]
[BlackElo "2703"]
[PlyCount "70"]

1. e4 c5 2. Nf3 e6 3. g3 Nc6 4. Bg2 d6 5. O-O Nf6 6. Re1 Be7 7. c3 O-O 8. d4 e5 9. Nbd2 Qc7 10. Nf1 exd4 11. cxd4 Bg4 12. dxc5 dxc5 13. Bf4 Qb6 14. Qc1 Rad8 15. h3 Be6 16. Ng5 Nb4 17. Nxe6 fxe6 18. Qc3 Rd3 19. Qc4 Rd4 20. Qc3 Nd3 21. Re3 Nxf4 22. gxf4 Nh5 23. f5 Bg5 24. fxe6 Bxe3 25. Nxe3 Qxe6 26. Qxc5 Nf4 27. Re1 Nxg2 28. Nxg2 Rxe4 29. Rd1 Qf7 30. Rd2 b6 31. Qg5 h6 32. Qg3 Re6 33. Kh1 Qf3 34. Qc7 Qxh3+ 35. Kg1 Qg4 0-1